| 000 | 01033cam a2200337 4500 | ||
|---|---|---|---|
| 008 | 090401t1991 xxu||||| |||| 00| 0 eng d | ||
| 020 | _a0704903555 | ||
| 035 | _a(Sirsi) u14167 | ||
| 041 | _aeng | ||
| 050 |
_a333.33094 _c18 |
||
| 100 | _aPunter, John | ||
| 245 |
_aProperty in Europe _bthe investment, development and planning processes in Belgium, France, Italy, the Netherlands, Portugal, Spain and West Germany |
||
| 260 |
_aReading _bUniversity of Reading _c1991 |
||
| 300 |
_a76p. _c30cm. |
||
| 350 | _a15 | ||
| 490 | _aCEPR Working Papers in European Property | ||
| 650 | _aBELGIUM | ||
| 650 | _aFRANCE | ||
| 650 | _aITALY | ||
| 650 | _aNETHERLANDS | ||
| 650 | _aPORTUGAL | ||
| 650 | _aSPAIN | ||
| 650 | _aFEDERAL REPUBLIC OF GERMANY | ||
| 690 | _aPROPERTY-PROPERTY FINANCE AND INVESTMENT | ||
| 700 | _aKeogh, Geoffrey | ||
| 700 | _aHsia, Marshall | ||
| 700 | _aGosling, James | ||
| 710 |
_aUniversity of Reading _bCentre for European Property Research _92829 |
||
| 942 | _n0 | ||
| 948 | _c04/03/1997 | ||
| 999 |
_c87153 _d87153 |
||